| 000 | 00495nam a2200205Ia 4500 | ||
|---|---|---|---|
| 008 | 170918s9999 xx 000 0 und d | ||
| 020 | _a9780545390781 | ||
| 050 | _bC217 2011 | ||
| 100 | _aCarney, Elizabeth | ||
| 245 | _aCats vs. dogs / | ||
| 245 | _cby Elizabeth Carney. | ||
| 260 | _aNew York : | ||
| 260 | _bScholastic, | ||
| 260 | _c2011 | ||
| 300 | _a48 pages : | ||
| 300 | _bcolored illustration ; | ||
| 300 | _c22cm. | ||
| 300 | _eNational geographic kids. | ||
| 500 | _a770 | ||
| 999 |
_c343229 _d343229 |
||